000 00218nam a22000857a 4500
008 220224b ||||| |||| 00| 0 eng d
100 _aHygrade Quality Products
245 _aThe Philatelic Color Guide
650 _aColor Guide
999 _c3340
_d3340